Bienvenue à la Médiathèque de Saint-Andiol
banniere
Accueil Recherche avancée Mon compte
handi1 Rechercher dans le catalogue

Filtre   Mots-clés
  Recherche avancée
 
Lister les dernières nouveautés
 
Lister les livres GROS CARACTERES
 
Lister les périodiques (magazines)

handi1 Impasse des demoiselles

<< Retourner aux résultats de la recherche
Book Cover
Auteur principal : Sylvie Baron
Titre : Impasse des demoiselles
Support : Livres
Langue : Francais
Publié : 2020 Ed. De Borée Romagnat (Puy-de-Dôme)
Genre : Roman
Collection : Romans
Sujets :
Étiquettes :
Pas de tags
LEADER 00984nam0a2200205 450
001 16868245
010 |a 978-2-8129-3223-6  |b br.  |d 19,9 € 
100 |a 20200609d2020 u u0frey01 ba 
101 0 |a fre 
102 |a FR 
200 0 |a Impasse des demoiselles  |f Sylvie Baron 
207 1 |a   
210 |a Romagnat (Puy-de-Dôme)  |c Ed. De Borée  |d 2020 
215 |a 1 vol. (302 p.)  |d 24 x 16 cm 
225 1 |a Romans  |x 1373-0800 
330 |a A Chaudes Aigues, les ruines d'une ancienne tannerie sont devenues le terrain de jeux favori d'une bande d'adolescents. Mais la mort tragique d'Agnès met fin à leur complicité. Dix ans plus tard, Nine Larrige, partie à Paris après le drame, revient avec un projet de chambres d'hôtes sur le site de la tannerie et Agnès, que tout le monde croyait morte, refait surface. 
700 0 |a Baron  |b Sylvie  |4 70 
900 |a Roman 
901 |a Adultes 
995 |a Médiathèque  |c Médiathèque  |f 00156010953883  |h 00156010953883  |k R BAR  |o p  |q a  |r az  |e MédiathèqueÂ